000 00707nam a22002177a 4500
003 UA-OsUOA
001 110353
007 ta
008 20150304b un ||||| |||| 00| 0 ukr d
100 _aКостюченко О.
090 _a908
_bК72
942 _cSA
040 _aUA-OsUOA
_bukr
_cUA-OsUOA
_dUA-OsUOA
245 _aЯк виглядала українська родина в ХVІІ столітті. В НаУОА відкрилася виставка Ірини Погоржельської "При дворі князів Острозьких"
300 _aС.2
955 _a0
041 _aukr
080 _a908
773 0 _w110321
650 7 _a908 Краєзнавство
_2UDC
999 _c396617
_d396617